Winning through intimidation (Record no. 516886)

000 -LEADER
fixed length control field 00259nam a22000977a 4500
082 ## - DEWEY DECIMAL CLASSIFICATION NUMBER
Classification number TNC I29 R473
100 ## - MAIN ENTRY--PERSONAL NAME
Personal name Ringer, Robert J.
9 (RLIN) 23719
245 ## - TITLE STATEMENT
Title Winning through intimidation
Statement of responsibility, etc By Robert J. Ringer
260 ## - PUBLICATION, DISTRIBUTION, ETC. (IMPRINT)
Place of publication, distribution, etc New York
Name of publisher, distributor, etc Los Angeles
Date of publication, distribution, etc 1973
300 ## - PHYSICAL DESCRIPTION
Extent 236p.
Holdings
Withdrawn status Lost status Source of classification or shelving scheme Damaged status Koha normalized classification for sorting Not for loan Permanent location Current location Date acquired Full call number Barcode Date last seen Price effective from Koha item type
        TNC_I29_R473   Indian Institute of Public Administration Indian Institute of Public Administration 2021-03-22 TNC I29 R473 GR23593 2021-03-22 2021-03-22 GR

Powered by Koha